000 00362nam a22000977a 4500
082 _a348.5491046
_bPAK
245 _aPakistan Annual Law Digest 1993:
_ba yearly publication containing digest of cases reported in all the law journals published in the country during the year
260 _aLahore :
_bPLD Publishers,
_c1993.
300 _avolume
942 _2ddc
_cCR
_s1
999 _c593099
_d593099